| 000 | 00589nam a2200181Ia 4500 | ||
|---|---|---|---|
| 008 | 090630s9999 xx 000 0 und d | ||
| 082 | _b10427 | ||
| 100 | _aदेवळे श. रा. | ||
| 245 |
_aलोकमान्य टिळक. _cदेवळे श. रा. |
||
| 260 |
_bकौस्तुभ. _c1984 |
||
| 300 | _a48 | ||
| 600 | _aदेवळे श. रा. | ||
| 630 | _aलोकमान्य टिळक. | ||
| 655 | _aबालवाङमय. | ||
| 700 | _aदेवळे श. रा. | ||
| 730 | _aलोकमान्य टिळक. | ||
| 942 | _cBOOK | ||
| 999 |
_c262283 _d262283 |
||